Nyelőcsőrák miatt resecált betegek hosszútávú túlélése és a túlélést befolyásoló tényezők

Elmentve itt :
Bibliográfiai részletek
Szerzők: Horváth Örs Péter
Csanádi Jolán
Csíkos Mihály
Petri István
Petri András
Imre József
Dokumentumtípus: Cikk
Megjelent: 1985
Sorozat:MAGYAR SEBÉSZET 38
Tárgyszavak:
mtmt:1252663
Online Access:http://publicatio.bibl.u-szeged.hu/33092
LEADER 00863nab a2200253 i 4500
001 publ33092
005 20250516150152.0
008 250516s1985 hu o 000 hun d
022 |a 0025-0295 
024 7 |a 1252663  |2 mtmt 
040 |a SZTE Publicatio Repozitórium  |b hun 
041 |a hun 
100 1 |a Horváth Örs Péter 
245 1 0 |a Nyelőcsőrák miatt resecált betegek hosszútávú túlélése és a túlélést befolyásoló tényezők  |h [elektronikus dokumentum] /  |c  Horváth Örs Péter 
260 |c 1985 
300 |a 10-19 
490 0 |a MAGYAR SEBÉSZET  |v 38 
650 4 |a Klinikai orvostan 
700 0 1 |a Csanádi Jolán  |e aut 
700 0 1 |a Csíkos Mihály  |e aut 
700 0 1 |a Petri István  |e aut 
700 0 1 |a Petri András  |e aut 
700 0 1 |a Imre József  |e aut 
856 4 0 |u http://publicatio.bibl.u-szeged.hu/33092/1/aok_klny_490_85.pdf  |z Dokumentum-elérés